000 00675nam a2200241Ia 4500
003 OSt
005 20220918172247.0
006 a|||||r|||| 00| 0
007 ta
008 220917b |||||||| |||| 00| 0 eng d
020 _aUnited states acqu
024 _a120,728
037 _cTextual
040 _aARTS
_cARTS
_beng
041 _2eng
_aeng
082 _aV73:19791,(X).N, M4
100 _aHayes Margaret Daly
_941049
245 0 _aLatin American and the U S Nations interest
_b a basis for U S foreign policy
260 _c1984
650 _aHISTORY
942 _hV73:19791,(X).N, M4
_cTEXL
_2CC
999 _c143267
_d143267